000 00604nam a2200217Ii 4500
003 JO-AjNU
008 230606s9999||||xx |||||||||||||| ||und||
020 _a978-0-321-80727-4
040 _aJO-AjNU
_beng
_erda
_cJO-AjNU
041 _aeng
050 1 4 _aQA276.12.M3997.2013
100 3 _aSincich,Terry/Mcclave,James,
_eauthor
_94293
245 0 2 _aA First course in Statistics
250 _a7 ed
264 3 1 _aNewyork:Elsevier,2013
300 _a581p
336 _atext
_btxt
_2rdacontent
337 _aunmediated
_bn
_2rdamedia
338 _avolume
_bnc
_2rdacarrier
650 4 _aStatistics
_94294
999 _aE2232
_c2230
_d2230